000 00655nam a2200193 4500
999 _c164882
_d164882
005 20190529174116.0
010 _aENG-125379
020 _c250.00
_a9788187567943
035 _aEN-108911
037 _bDBAD/PUB
082 _a020.5
100 _aRaychaudhury, Arup
245 _aInformation and communication tecnology for library and information professonals/
_cby Arup Raychaudhury
260 _akolkata
_bSri S.K.Bhattacharjee for the world press
_c2012
270 _a37A, College Street,
_bKolkata
_e700147
300 _ax,237p
_bill.
_c21cm(pbk)
500 _ainclude bibliography and reference
942 _2ddc
_cEN
_h020.5
_mRAY